000 00635nam a2200241Ia 4500
003 OSt
005 20221007072632.0
006 a|||||r|||| 00| 0
007 ta
008 221006b |||||||| |||| 00| 0 eng d
024 _a25,344
037 _cTextual
040 _aFLL
_cFLL
_beng
041 _2eng
_aeng
082 _aZ3:93, J3
100 _aSharp G. Granville
_9691109
245 0 _aInterpretation of statutes
250 _a10th
260 _aLondon
_bSweet & Maxwell Ltd. London
_c1953
300 _acxxxix,1-464p
_ccm.
942 _hZ3:93, J3
_cTEXL
_2CC
999 _c1146610
_d1146610